000 00465nam a2200157 4500
001 116524
003 ES-MaACL
005 20230906190724.0
007 t|
008 061121s1973 sp r ||||1| spa d
100 1 _aOtazu y Llana, Alfonso de.
_987864
245 1 3 _aEl `igualatarismo` vasco
_b: mito y realidad /
_cAlfonso de Otazu y Llana.
260 _aSan Sebastián :
_bTxertoa,
_c1973.
300 _a454 p. ;
_c19 cm.
852 _aES-MaACL
_jC-52963
_bR.86398
999 _c116524
_d116524